Adsorpcia a uskladnenie vodíka na uhlíkatých nanomateriáloch

Gespeichert in:
Bibliographische Detailangaben
1. Verfasser: Tkáč, Ondrej (Verfasst von)
Weitere Verfasser: Malček, Michal (Betreuung Doktorarbeit)
Format: Manuskript Buch
Sprache:Slowakisch
Veröffentlicht: 2023
Schlagworte:
Online-Zugang:http://is.stuba.sk/zp/portal_zp.pl?podrobnosti=162373
Tags: Tag hinzufügen
Keine Tags, Fügen Sie das erste Tag hinzu!

MARC

LEADER 00000ntm a22000003a 4500
001 stuzp93966
003 SK-STU
005 20230909220648.1
007 ta
008 150427s2015----xo-----f-mn---000-0-slo-d
040 |a STU  |b slo 
041 0 |a slo 
100 1 |a Tkáč, Ondrej  |u 045210  |4 aut  |U FCHPT Ústav fyzikálnej chémie a chemickej fyziky  |T FCHPT Oddelenie fyzikálnej chémie  |X 110542  |U C5210  |Y 117  |7 110542 
242 0 1 |a Hydrogen adsorption and hydrogen storage on carbon-based nanomaterials  |y eng 
245 1 0 |a Adsorpcia a uskladnenie vodíka na uhlíkatých nanomateriáloch 
260 |c 2023 
650 4 |a nanomateriály  |2 slo 
650 4 |a vodíková energia  |2 slo 
650 4 |a grafén  |2 slo 
650 4 |a teória funkcionálu hustoty  |2 slo 
650 4 |a uskladnenie vodíka  |2 slo 
650 4 |a graphene  |2 eng 
650 4 |a hydrogen energy  |2 eng 
650 4 |a hydrogen storage  |2 eng 
650 4 |a density functional theory  |2 eng 
650 4 |a nanomaterials  |2 eng 
700 1 |a Malček, Michal  |u 045210  |k Z1  |4 ths  |U FCHPT Ústav fyzikálnej chémie a chemickej fyziky  |T FCHPT Oddelenie fyzikálnej chémie  |X 40681  |U C5210  |Y 117  |7 A000040681 
856 4 |u http://is.stuba.sk/zp/portal_zp.pl?podrobnosti=162373